000 01390cam a2200469 4500
003 PE-LiUPU
005 20250731165635.0
020 _a0804231141
035 _a(Sirsi) i9780804231145
035 _a(Sirsi) 16893
035 _a(Sirsi) 16893
041 _aen
044 _aus
082 0 4 _a221.077
_b18/I
100 1 _aJanzen, J. Gerald
245 _aJob /
_cJ. Gerald Janzen.
264 1 _aAtlanta :
_bJohn Knox Press,
_c1985
300 _a273 páginas ;
_c22 cm.
490 0 _aInterpretat.A Bible Commentary for Teaching and Preaching
505 0 _aComentarios del libro de Job Job.
526 _aSEG44
526 _aSEG26
526 _aP151
526 _aP150
526 _aP149
526 _aP146
526 _aP145
526 _aP126
526 _aP125
526 _aP92
526 _aP75
526 _aP74
526 _aP27
526 _aP15
630 _aBiblia
_pA.T.
_pJob
_xComentarios
942 _2ddc
_cBOOK
949 _a221.077 18/I
_i40043
_lPOSTGRADO
_mBUL
_tLIBRO
_o.STAFF. Posgrado
859 _q40043
_h221.077
_i18/I
596 _a1
999 _aRC 221.077 18/I
_wDEWEY
_c57824
_i40043
_f2021-11-8
_g6
_lCCODEBUL1
_mBUL
_r1
_sY
_tBOOK
_u2015-6-16
_xTEOLOGIA
_zUNKNOWN
_0COMPRA
_o.CIRCNOTE. No olvidar cambiar la fecha de devolución!!!!!!!
_o.STAFF. Colección General
_d57824
980 _81
_gALBERTO SANCHEZ Responsable de Automatización